| 000 | 00496nam a22001817a 4500 | ||
|---|---|---|---|
| 999 |
_c9291 _d9291 |
||
| 003 | GBCCL | ||
| 005 | 20241126110709.0 | ||
| 008 | 220915b ||||| |||| 00| 0 eng d | ||
| 020 | _a9789391661540 | ||
| 040 | _cGBC | ||
| 082 |
_a301 _bBOR |
||
| 100 |
_aBorah, Dullabh _916173 |
||
| 245 |
_aEnvironmental sociology / _cby Dullabh Borah and Arvind Verma |
||
| 260 |
_aMeerut : _bBalaji publishers, _c2022. |
||
| 300 | _a292pages | ||
| 650 |
_aEnvironmental sociology _916174 |
||
| 942 |
_2ddc _cBK _02 |
||